00685nam a2200205Ia 4500003000400000005001700004008004100021020001800062040001800080041000800098082002100106100002100127245013400148250001200282260004400294300003000338650004100368650004700409650002300456OSt20240726141338.0210716s2012 xx 000 0 und d a9788184975390 cAIMIT LIBRARY aeng a374.22 21bSEGL aSegil, Larraine. aMeasuring the value of partnering : bhow to use metrics to plan develop and implement successful alliances /cBy Larraine Segil. a1st ed. aNew Delhi ;bBPI India Pvt Ltd ,c2012. axvii,279p. ;bHBc24.5 cm aImplementation metrics: the partners aWomen and big brother : strange companions aHotels and hyundai